Statistics for Country Shapes to Capitals

Click here to take the quiz!

General Stats

  • This quiz has been taken 29 times
  • The average score is 18 of 20

Answer Stats

Answer% Correct
Athens
100%
Oslo
100%
Tokyo
100%
Ankara
97%
Bangkok
97%
Copenhagen
97%
Hanoi
97%
New Delhi
97%
Ottawa
97%
Havana
93%
Kyiv
93%
Lisbon
93%
Manila
93%
Islamabad
90%
Rabat
90%
Buenos Aires
86%
Tehran
86%
N'djamena
79%
Kingston
69%
Nairobi
66%

Score Distribution

Percentile by Number Answered

Percent of People with Each Score

Your Score History

You have not taken this quiz